|
|
|
|
| LEADER |
00791cam a2200241 7i4500 |
| 001 |
0000028693 |
| 005 |
20170218090000.0 |
| 008 |
100329 eng |
| 020 |
|
|
|a 0135024145 (pbk.)
|
| 020 |
|
|
|a 9780135024140 (pbk.)
|
| 020 |
|
|
|a 9780132460811 (pbk.)
|
| 020 |
|
|
|a 0132460815 (pbk.)
|
| 090 |
0 |
0 |
|a HF5415.2
|b .M55 2009
|
| 100 |
1 |
|
|a Malhotra, Naresh K
|
| 245 |
1 |
0 |
|a Basic marketing research :
|b a decision-making approach
|c Naresh K. Malhotra.
|
| 250 |
|
|
|a 3rd ed.
|
| 260 |
|
|
|a Upper Saddle River, N.J.:
|b Pearson,
|c 2009.
|
| 300 |
|
|
|a 671 p.:
|b col. ill.;
|c 28 cm.
|
| 500 |
|
|
|a Includes index
|
| 650 |
0 |
0 |
|a Marketing research
|
| 997 |
|
|
|a Business & Accountancy, Faculty
|
| 998 |
|
|
|a Marketing, Degree
|
| 999 |
|
|
|a 0000035417
|b BOK
|c OPEN SHELF
|e 1st Floor, Shah Alam
|